[Event "Golden Rook op 56th"]
[Site "Chotowa"]
[Date "2014.06.13"]
[Round "9"]
[White "Dranka, Jowita"]
[Black "Posuniak, Weronika"]
[Result "0-1"]
[WhiteElo "1609"]
[BlackElo "1670"]
[PlyCount "52"]
[EventDate "2014.06.08"]
[EventType "team-swiss"]
[EventRounds "9"]
[EventCountry "POL"]
[SourceTitle "EXT 2015"]
[Source "ChessBase"]
[SourceDate "2014.11.20"]
[SourceVersion "1"]
[SourceVersionDate "2014.11.20"]
[SourceQuality "1"]

1. e4 d5 2. exd5 Nf6 3. Bb5+ Bd7 4. Bc4 Bg4 5. f3 Bc8 6. Nc3 Nbd7 7. Bb5 a6 8. Ba4 b5 9. Bb3 Nb6 10. d4 Bb7 11. Nge2 Nbxd5 12. Bg5 h6 13. Bh4 Ne3 14. Qd2 Nxg2+ 15. Kf2 Nxh4 16. d5 e6 17. Nf4 Bc5+ 18. Kf1 Nxf3 19. Qg2 Nh4 20. Qxg7 Rh7 21. Qg3 Nf5 22. Qh3 Qd6 23. Nce2 Nxd5 24. Nxd5 Bxd5 25. Bxd5 Qxd5 26. Ng3 Qf3+ 0-1

[Event "Golden Rook op 56th"]
[Site "Chotowa"]
[Date "2014.06.11"]
[Round "5"]
[White "Posuniak, Weronika"]
[Black "Buksa, Ewelina"]
[Result "1/2-1/2"]
[WhiteElo "1670"]
[BlackElo "1623"]
[PlyCount "84"]
[EventDate "2014.06.08"]
[EventType "team-swiss"]
[EventRounds "9"]
[EventCountry "POL"]
[SourceTitle "EXT 2015"]
[Source "ChessBase"]
[SourceDate "2014.11.20"]
[SourceVersion "1"]
[SourceVersionDate "2014.11.20"]
[SourceQuality "1"]

1. d4 d5 2. c4 e6 3. Nc3 c6 4. cxd5 exd5 5. Nf3 Bd6 6. Bg5 Nf6 7. e3 h6 8. Bh4 Nbd7 9. Bd3 0-0 10. 0-0 Re8 11. Qc1 Qb6 12. a3 Ne4 13. Bxe4 dxe4 14. Nd2 f5 15. Nc4 Qc7 16. Nxd6 Qxd6 17. Bg3 Qe6 18. b4 Nb6 19. b5 Bd7 20. a4 Nd5 21. bxc6 Bxc6 22. Nxd5 Bxd5 23. Qa3 Rec8 24. Rfc1 a6 25. a5 Qd7 26. h3 Kf7 27. Be5 Kg8 28. Rxc8+ Rxc8 29. Rc1 Rxc1+ 30. Qxc1 Kf7 31. Qc7 Qxc7 32. Bxc7 g5 33. g3 Kg6 34. Kh2 h5 35. h4 g4 36. Kg1 Bc4 37. Bb6 Kf7 38. Bc5 Ke6 39. Bb6 Kd5 40. Bc5 Kc6 41. Bb6 Bd5 42. Bc7 Bc4 1/2-1/2

[Event "Rewal op-B 18th"]
[Site "Rewal"]
[Date "2013.08.21"]
[Round "2"]
[White "Posuniak, Weronika"]
[Black "Raszkiewicz, Agnieszka"]
[Result "0-1"]
[WhiteElo "1584"]
[BlackElo "1811"]
[PlyCount "84"]
[EventDate "2013.08.20"]
[EventType "swiss"]
[EventRounds "9"]
[EventCountry "POL"]
[SourceTitle "CBM 156 Extra"]
[Source "ChessBase"]
[SourceDate "2013.10.22"]
[SourceVersion "1"]
[SourceVersionDate "2013.10.22"]
[SourceQuality "1"]

1. d4 c5 2. d5 e5 3. e4 d6 4. Bd3 Be7 5. c4 Bg5 6. Nc3 a6 7. a4 Nh6 8. h3 0-0 9. Nf3 Bxc1 10. Qxc1 f5 11. 0-0 Nd7 12. Qg5 fxe4 13. Nxe4 Nf6 14. Nfd2 Nf5 15. Nxf6+ Qxf6 16. Qxf6 Rxf6 17. Ne4 Rg6 18. g4 Nd4 19. Nxc5 dxc5 20. Bxg6 hxg6 21. Kg2 Bd7 22. Rfb1 Rf8 23. Ra2 a5 24. Re1 Re8 25. Re3 g5 26. Kg3 Kf7 27. b3 Kf6 28. Rb2 Ra8 29. Ra2 Ra6 30. Rd3 Rb6 31. Ra3 Be8 32. Rd2 Bg6 33. Kg2 Bc2 34. Ra2 Bxb3 35. Rab2 Rb4 36. Rb1 Bxc4 37. Rdb2 Bxd5+ 38. Kf1 Be4 39. Rxb4 axb4 40. Rb2 Ke6 41. Ke1 Kd5 42. Kd1 Bg2 0-1

[Event "Ogolnopolski-ch 55th"]
[Site "Zamosc"]
[Date "2013.??.??"]
[Round "9"]
[White "Byrka, Joanna"]
[Black "Posuniak, Weronika"]
[Result "1-0"]
[WhiteElo "1959"]
[BlackElo "1564"]
[PlyCount "137"]
[EventDate "2013.06.07"]
[EventType "swiss"]
[EventRounds "9"]
[EventCountry "POL"]
[SourceTitle "EXT 2014"]
[Source "ChessBase"]
[SourceDate "2013.11.20"]
[SourceVersion "1"]
[SourceVersionDate "2013.11.20"]
[SourceQuality "1"]

1. e4 e6 2. d4 d5 3. Nc3 dxe4 4. Nxe4 Nd7 5. Nf3 Ngf6 6. Bd3 Be7 7. Qe2 c5 8. dxc5 Nxc5 9. Nxc5 Qa5+ 10. c3 Qxc5 11. Be3 Qa5 12. Bb5+ Bd7 13. Bxd7+ Nxd7 14. 0-0 0-0 15. Nd4 a6 16. Rfd1 Nf6 17. Nb3 Qc7 18. Bg5 Nd5 19. Rxd5 exd5 20. Qxe7 Qxe7 21. Bxe7 Rfe8 22. Bg5 f6 23. Be3 Rac8 24. Rd1 Rcd8 25. Kf1 Kf7 26. Nc5 Re7 27. c4 d4 28. Rxd4 Rc8 29. Ne4 Kg6 30. b3 h6 31. Ng3 Kh7 32. Rd5 Rec7 33. Ke2 Kg8 34. Kf3 Re8 35. Nf5 Re6 36. Bf4 Rf7 37. Bxh6 g5 38. Rd8+ Kh7 39. Bf8 Kg6 40. Nd4 Re1 41. Bb4 Ra1 42. a4 Rb1 43. Rf8 Rd7 44. Bc5 Rc7 45. Bb6 Rd7 46. Rg8+ Kh7 47. Rc8 Rd1 48. Ke2 Rg1 49. g3 Rh1 50. Rc7 Rxc7 51. Bxc7 Rxh2 52. b4 Rh1 53. b5 Rc1 54. bxa6 bxa6 55. Kd3 Kg6 56. Bb6 Kf7 57. c5 Ke8 58. c6 Rf1 59. c7 Kd7 60. Nf5 Rc1 61. a5 Rc6 62. Ke4 Rc3 63. Nd4 Rc1 64. Kf5 Ke7 65. Kg6 Rc3 66. Nf5+ Ke6 67. Nh6 Rc4 68. Ng8 Rc6 69. Nxf6 1-0

[Event "Ogolnopolski-ch 55th"]
[Site "Zamosc"]
[Date "2013.??.??"]
[Round "6"]
[White "Chrzaszcz, Malvina"]
[Black "Posuniak, Weronika"]
[Result "1-0"]
[WhiteElo "2042"]
[BlackElo "1564"]
[PlyCount "87"]
[EventDate "2013.06.07"]
[EventType "swiss"]
[EventRounds "9"]
[EventCountry "POL"]
[SourceTitle "EXT 2014"]
[Source "ChessBase"]
[SourceDate "2013.11.20"]
[SourceVersion "1"]
[SourceVersionDate "2013.11.20"]
[SourceQuality "1"]

1. e4 e6 2. d4 d5 3. Nd2 dxe4 4. Nxe4 Nd7 5. Nf3 Ngf6 6. Nxf6+ Nxf6 7. Bd3 Be7 8. Qe2 0-0 9. Bg5 c5 10. dxc5 Qa5+ 11. c3 Qxc5 12. h4 Nd5 13. Bxe7 Qxe7 14. 0-0-0 f5 15. Bc2 Qf6 16. Bb3 Rd8 17. Ne5 Nf4 18. Rxd8+ Qxd8 19. Qf3 Nd5 20. Rd1 Qe8 21. Rxd5 exd5 22. Qxd5+ Be6 23. Qxe6+ Qxe6 24. Bxe6+ Kf8 25. Bxf5 g6 26. Be4 Re8 27. f4 b6 28. Kd2 Rd8+ 29. Ke2 Kg7 30. Nc6 Rd7 31. Ne5 Rd8 32. b4 Rc8 33. c4 Kf6 34. Ke3 Ke6 35. g4 Kd6 36. Bd5 Rf8 37. Ke4 Re8 38. Kd4 Rc8 39. Nf7+ Ke7 40. Ke5 Re8 41. Nd6 Rd8 42. c5 Rd7 43. f5 gxf5 44. gxf5 1-0